|
|
|
|
| LEADER |
01406nam a2200385Ia 4500 |
| 001 |
EBC1080983 |
| 003 |
MiAaPQ |
| 005 |
20200520144314.0 |
| 006 |
m o d | |
| 007 |
cr cn||||||||| |
| 008 |
120830s2013 si a s 001 0 eng d |
| 010 |
|
|
|z 2012035457
|
| 020 |
|
|
|z 9789814407236
|
| 020 |
|
|
|z 9789814407243
|
| 035 |
|
|
|a (MiAaPQ)EBC1080983
|
| 035 |
|
|
|a (Au-PeEL)EBL1080983
|
| 035 |
|
|
|a (CaPaEBR)ebr10627499
|
| 035 |
|
|
|a (CaONFJC)MIL416335
|
| 035 |
|
|
|a (OCoLC)821180523
|
| 040 |
|
|
|a MiAaPQ
|c MiAaPQ
|d MiAaPQ
|
| 050 |
|
4 |
|a HC427.92
|b .G632 2013
|
| 100 |
1 |
|
|a Goh, Keng Swee,
|d 1918-2010.
|
| 245 |
1 |
0 |
|a Goh Keng Swee on China
|h [electronic resource] :
|b selected essays /
|c edited by Zheng Yongnian, John Wong.
|
| 260 |
|
|
|a Singapore ;
|a Hackensack, NJ :
|b World Scientific,
|c c2013.
|
| 300 |
|
|
|a vii, 190 p. :
|b ill.
|
| 500 |
|
|
|a Includes index.
|
| 533 |
|
|
|a Electronic reproduction. Ann Arbor, MI : ProQuest, 2015. Available via World Wide Web. Access may be limited to ProQuest affiliated libraries.
|
| 650 |
|
0 |
|a Economic development
|z China.
|
| 651 |
|
0 |
|a China
|x Economic conditions
|y 1976-2000.
|
| 651 |
|
0 |
|a China
|x Economic policy
|y 1976-2000.
|
| 655 |
|
4 |
|a Electronic books.
|
| 700 |
1 |
|
|a Wong, John,
|d 1939-
|
| 700 |
1 |
|
|a Zheng, Yongnian.
|
| 710 |
2 |
|
|a ProQuest (Firm)
|
| 856 |
4 |
0 |
|u https://ebookcentral.proquest.com/lib/matrademy/detail.action?docID=1080983
|z Click to View
|